100 miast w USA, które straciły najwięcej ludzi - Statystyki

Ogólne statystyki
  • Ten quiz został rozwiązany 2 razy
  • Średni wynik to 14 z 100
Odpowiedzi na mapie
Odpowiedzi zakodowano w zielono-czerwonej skali na mapie do tego quizu, zgodnie z poniższymi procentami.
 
Statystyki odpowiedzi
Strata % Szczyt Stan Miasto % Poprawnych
-546 155 6,2% 2020 NY Nowy Jork
100%
-64 977 7,4% 2020 CA San Francisco
100%
-33 767 25,0% 1950 NY Albany
50%
-27 734 41,8% 1930 NJ Atlantic City
50%
-20 336 10,2% 2010 IL Aurora
50%
-384 469 40,4% 1950 MD Baltimore
50%
-147 611 18,4% 1950 MA Boston
50%
-305 454 52,6% 1950 NY Buffalo
50%
-956 510 26,4% 1950 IL Chicago
50%
-552 152 60,3% 1950 OH Cleveland
50%
-1 216 350 65,7% 1950 MI Detroit
50%
-31 839 55,2% 1960 IN East Chicago
50%
-26 695 66,6% 1950 OH East Cleveland
50%
-64 724 78,5% 1950 IL East St. Louis
50%
-57 728 32,5% 1950 CT Hartford
50%
-29 879 8,0% 2000 HI Honolulu
50%
-25 058 7,9% 1930 NJ Jersey City
50%
-77 833 1,9% 2020 CA Los Angeles
50%
-31 461 4,8% 2000 TN Memphis
50%
-96 603 18,5% 1950 MN Minneapolis
50%
-373 551 55,1% 1950 PA Pittsburgh
50%
-20 374 8,1% 1970 VA Richmond
50%
-43 585 4,3% 2020 CA San Jose
50%
-575 042 67,1% 1950 MO St. Louis
50%
-118 514 30,8% 1970 OH Toledo
50%
-123 206 15,3% 1950 -- Waszyngton
50%
-101 650 35,0% 1960 OH Akron
0%
-39 266 47,8% 1930 PA Altoona
0%
-21 522 40,1% 1960 MI Bay City
0%
-33 947 42,0% 1950 NY Binghamton
0%
-144 243 42,3% 1960 AL Birmingham
0%
-53 455 42,9% 1950 NJ Camden
0%
-47 715 40,8% 1950 OH Canton
0%
-38 958 45,4% 1960 WV Charleston
0%
-32 444 49,1% 1950 PA Chester
0%
-192 901 38,2% 1950 OH Cincinnati
0%
-21 200 19,7% 1990 CA Citrus Heights
0%
-24 280 37,2% 1930 KY Covington
0%
-126 820 48,3% 1960 OH Dayton
0%
-25 411 27,0% 1980 IL Decatur
0%
-23 540 47,3% 1950 NY Elmira
0%
-45 483 32,8% 1960 PA Erie
0%
-23 340 32,6% 1970 OH Euclid
0%
-26 211 18,5% 1960 IN Evansville
0%
-26 645 22,1% 1920 MA Fall River
0%
-521 063 25,1% 1950 PA Filadelfia
0%
-117 279 59,5% 1960 MI Flint
0%
-24 859 42,7% 1960 AL Gadsden
0%
-110 668 62,0% 1960 IN Gary
0%
-35 505 31,7% 1960 IN Hammond
0%
-28 929 51,4% 1930 MI Hamtramck
0%
-39 532 44,1% 1950 PA Harrisburg
0%
-44 516 84,0% 1930 MI Highland Park
0%
-22 575 37,4% 1920 MA Holyoke
0%
-41 028 47,5% 1950 WV Huntington
0%
-59 186 29,1% 1980 MS Jackson
0%
-24 333 44,0% 1930 MI Jackson
0%
-49 377 73,3% 1920 PA Johnstown
0%
-21 172 30,0% 1930 OH Lakewood
0%
-38 223 69,0% 1940 PA McKeesport
0%
-179 939 24,2% 1960 WI Milwaukee
0%
-20 184 9,9% 1960 AL Mobile
0%
-137 377 31,0% 1930 NJ Newark
0%
-20 522 16,9% 1920 MA New Bedford
0%
-27 421 56,3% 1950 PA New Castle
0%
-29 124 17,7% 1950 CT New Haven
0%
-22 332 47,4% 1960 RI Newport
0%
-54 795 53,5% 1960 NY Niagara Falls
0%
-77 021 25,0% 1970 VA Norfolk
0%
-263 389 41,9% 1960 LA Nowy Orlean
0%
-21 265 21,2% 1970 OH Parma
0%
-23 590 27,6% 1970 MI Pontiac
0%
-22 005 3,3% 2020 OR Portland
0%
-25 005 58,7% 1930 OH Portsmouth
0%
-28 555 60,2% 1960 AL Prichard
0%
-62 712 24,7% 1940 RI Providence
0%
-125 214 37,6% 1950 NY Rochester
0%
-28 786 33,3% 1970 MI Royal Oak
0%
-55 080 56,0% 1960 MI Saginaw
0%
-38 347 11,3% 2000 CA Santa Ana
0%
-27 148 28,3% 1930 NY Schenectady
0%
-67 628 47,1% 1930 PA Scranton
0%
-21 528 83,5% 1910 PA Shenandoah
0%
-29 030 14,0% 1980 LA Shreveport
0%
-23 501 22,6% 1930 MA Somerville
0%
-29 050 21,9% 1960 IN South Bend
0%
-24 641 29,7% 1960 OH Springfield
0%
-20 791 11,9% 1960 MA Springfield
0%
-30 545 34,6% 1970 MI St. Clair Shores
0%
-32 345 31,4% 1900 MO St. Joseph
0%
-75 023 34,0% 1950 NY Syracuse
0%
-38 389 29,9% 1950 NJ Trenton
0%
-26 206 34,1% 1910 NY Troy
0%
-38 133 37,4% 1930 NY Utica
0%
-42 605 23,7% 1970 MI Warren
0%
-24 743 38,9% 1970 OH Warren
0%
-35 451 57,4% 1930 WV Wheeling
0%
-42 372 48,9% 1930 PA Wilkes-Barre
0%
-40 829 36,2% 1940 DE Wilmington
0%
-110 894 65,2% 1930 OH Youngstown
0%
Nie znaleziono quizów pasujących do podanych kryteriów
Rozkład punktacji
Procent ludzi z każdym wynikiem
Percentyl według liczby udzielonych odpowiedzi
Twoja historia wyników
Nie rozwiązałeś tego quizu